| 000 | 01102cam a2200361 i 4500 | ||
|---|---|---|---|
| 999 |
_c200441391 _d59603 |
||
| 001 | 200441391 | ||
| 003 | TR-AnTOB | ||
| 005 | 20210616142536.0 | ||
| 007 | ta | ||
| 008 | 210201s2021 pau 000 0 eng | ||
| 010 | _a2021931770 | ||
| 020 | _a9781468602562 | ||
| 020 | _a9781468603033 | ||
| 020 |
_z9781468603040 _q(epub) |
||
| 040 |
_aDLC _beng _erda _cDLC _dTR-AnTOB |
||
| 041 | 0 | _aeng | |
| 042 | _apcc | ||
| 050 | 1 | 4 |
_aTL539 _b.W358 2021 |
| 090 |
_aTL539 _b.W358 2021 |
||
| 100 | 1 |
_aWalthall, Rhonda _eauthor _9130870 |
|
| 245 | 1 | 0 |
_aFlight paths of success: _bcareer insights from women leaders in aerospace / _cRhonda Walthall, Brenda Christianson. |
| 264 | 1 |
_aWarrendale : _bSAE International, _c2021. |
|
| 300 |
_axxvi, 204 cm : _billustrations ; _c23 cm |
||
| 336 |
_atext _btxt _2rdacontent |
||
| 337 |
_aunmediated _bn _2rdamedia |
||
| 338 |
_avolume _bnc _2rdacarrier |
||
| 500 | _aIncludes index. | ||
| 650 | 0 |
_92498 _aBusinesswomen |
|
| 653 |
_aWomen leaders _aAerospace |
||
| 700 | 1 |
_aChristianson, Brenda _eauthor _9130871 |
|
| 942 |
_2lcc _cBK |
||